| 000 | 00843nas a2200265 4500 | ||
|---|---|---|---|
| 001 | BR9501591 | ||
| 003 | BR-BrBNA | ||
| 005 | 20231205093926.0 | ||
| 007 | ta | ||
| 008 | 230509b bl.|||p| |||| 00| 00por d | ||
| 040 |
_aBR-BrBNA _bpor _cBiblioteca Nacional de Agricultura |
||
| 041 | _a(Pt) | ||
| 072 | _aM12; L53 | ||
| 100 | 1 | _aMarques, H.L. de A. | |
| 100 | 1 | _aPereira, R.T.L. | |
| 100 | 1 | _aCorrea, B.C. | |
| 245 | 1 | _aEstudo sobre os ciclos de reproducao e de fixacao de Perna perna (Bivalvia: Mytilidae)em bancos naturais no Litoral de Ubatuba (SP), Brasil | |
| 650 | _aMexilhao | ||
| 650 | _aReproducao | ||
| 650 | _aLitoral | ||
| 650 | _aSao Paulo | ||
| 773 | 0 |
_tBoletim do Instituto de Pesca (Brazil) _xISSN 0046-9939 _g(1991), v. 18 p. 73-81 _wBR9501591 |
|
| 909 |
_a202311 _bLúcia _c55 _dLúcia Elande |
||
| 942 |
_2AGRIS _n0 _cANA |
||
| 999 |
_c141126 _d141126 |
||